80 rokov otca Martina Mazáka 12.12.1913-12.12.1993

Bibliographic Details
Corporate Author: Slovenská katolícka misia (Cortaillod, Švajčiarsko) (ini)
Format: Book
Language:Slovak
PhysicalDescription:13 s. 21x12 cm
Published: [Cortaillod Slovenská katolícka misia] 1993
Subjects:

MARC

LEADER 00000nam a2200000 a 4500
001 vtls001250440
003 SK-MaSNL
005 20260301050059.0
008 251124s1993 CH 0 slo
015 |a SNBZSE1994-00009 
035 |a SNK000201259 
040 |a SNK  |b slo  |c SNK  |e AACR2 
041 0 |a slo 
044 |a CH 
080 |a 264:282  |2 1981 
080 |a 282  |2 1981 
245 1 |a 80 rokov otca Martina Mazáka  |b 12.12.1913-12.12.1993 
246 1 3 |a Osemdesiat rokov otca Martina Mazáka 
260 |a [Cortaillod  |b Slovenská katolícka misia]  |c 1993 
300 |a 13 s.  |c 21x12 cm 
500 |a Bez tit. strany 
610 2 7 |a Katolícka cirkev  |2 SNKKA  |9 206702 
648 7 |a 1993  |2 SNK  |9 284597 
650 0 7 |a sväté omše  |2 SNKPH  |9 355114 
650 0 7 |a omšové texty  |2 SNKPH  |9 355115 
651 7 |a Cortaillod (Švajčiarsko)  |2 SNKPHgeo  |9 251514 
655 7 |a informačné publikácie  |2 SNK  |9 70181 
710 0 |a Slovenská katolícka misia (Cortaillod, Švajčiarsko)  |4 ini  |9 63172 
958 |a CH 
958 |a ZS 
958 |a TL 
958 |a BX 
958 |a NT 
999 |c 600097  |d 602027 
952 |t P60, <03>, [BOOK], {603}  |a SNK  |b SNK  |y PREZ  |7 0  |o snkSC 85800  |i snkV 1837/94  |0 0  |1 0  |4 0  |d 1997-09-29  |l 0  |r 2005-01-01 00:00:00  |w 2026-02-23 
952 |t P60, <04>, [BOOK], {604}  |a SNK  |b SNK  |y VYP  |7 0  |p 17A0092533  |o snkSC 85800 D1  |i snkV 2372/97  |0 0  |1 0  |4 0  |d 1997-09-29  |l 0  |r 2005-01-01 00:00:00  |w 2026-02-23